Indicadores de recursos humanos en ciencia y tecnología (Registro nro. 22799)
[ vista simple ]
| 000 -CABECERA | |
|---|---|
| Longitud fija campo de control | 00623nam a22001937a 4500 |
| 003 - IDENTIFICADOR DELl NÚMERO DE CONTROL | |
| Identificador del número de control | OSt |
| 005 - FECHA Y HORA DE LA ÚLTIMA TRANSACCIÓN | |
| Fecha y hora de la última transacción | 20190812143002.0 |
| 008 - CÓDIGOS DE INFORMACIÓN DE LONGITUD FIJA | |
| Códigos de información de longitud fija | http://172.18.3.2:8080/cgi-bin/koha/cata |
| 040 ## - FUENTE DE LA CATALOGACIÓN | |
| Centro catalogador de origen | BCRI |
| Centro transcriptor | BCRI |
| 082 ## - NÚMERO DE LA CLASIFICACIÓN DECIMAL DEWEY | |
| Númeroo de clasificación | 658.3 |
| 110 ## - PUNTO DE ACCESO PRINCIPAL-NOMBRE DE ENTIDAD CORPORATIVA | |
| 9 (RLIN) | 36644 |
| Nombre de entidad corporativa o nombre de jurisdicción como elemento inicial | Consejo Nacional de Ciencia y Tecnología |
| 245 10 - MENCIÓN DE TÍTULO | |
| Título | Indicadores de recursos humanos en ciencia y tecnología |
| Mención de responsabilidad, etc. | CONACYT |
| 260 ## - PUBLICACIÓN, DISTRIBUCIÓN, ETC. (PIE DE IMPRENTA) | |
| Lugar de publicación, distribución, etc. | El salvador C.A |
| Nombre del editor, distribuidor, etc. | CONACYT |
| Fecha de publicación, distribución, etc. | 2011 |
| 300 ## - DESCRIPCIÓN FÍSICA | |
| Extensión | 64 p. |
| Dimensiones | 27 cm |
| 595 ## - NOTA DE EDICIÓN E HISTORIA BIBLIOGRÁFICA | |
| Nota de edición e historia bibliográfica | Traducción de: The human side of organizations |
| 650 24 - PUNTO DE ACCESO ADICIONAL DE MATERIA - TÉRMINO DE MATERIA | |
| 9 (RLIN) | 5172 |
| Término de materia o nombre geográfico como elemento inicial | Relaciones humanas |
| 650 24 - PUNTO DE ACCESO ADICIONAL DE MATERIA - TÉRMINO DE MATERIA | |
| 9 (RLIN) | 5702 |
| Término de materia o nombre geográfico como elemento inicial | Gestión de recursos humanos |
| 942 ## - ENTRADA DE ELEMENTOS AGREGADOS (KOHA) | |
| Fuente de clasificaión o esquema | Dewey Decimal Classification |
| Koha [por defecto] tipo de item | 1- Monografias |
| Parte de clasificación | prozim |
| Suprimido | Perdido | Fuente de clasificación o esquema | Estropeado | Restricciones de uso | No para préstamo | Código de colección | Localización permanente | Localización actual | Localización en estanter&íacute;as | Fecha adquisición | Fuente de adquisición | Número de inventario | Préstamos totales | Signatura completa | Código de barras | Fecha última consulta | Fecha del precio de reemplazo | Tipo de item de Koha |
|---|---|---|---|---|---|---|---|---|---|---|---|---|---|---|---|---|---|---|
| NULL | NULL | Dewey Decimal Classification | NULL | Prestable | NULL | NULL | Biblioteca Centro Regional de Ilobasco | Biblioteca Centro Regional de Ilobasco | Sala Principal | 08/10/2015 | UNICAES | LI001182 | 658.3 MAR ind | 1034276 | 08/10/2015 | 08/10/2015 | 1- Monografias | |
| NULL | NULL | Dewey Decimal Classification | NULL | Prestable | NULL | NULL | Biblioteca Centro Regional de Ilobasco | Biblioteca Centro Regional de Ilobasco | Sala Principal | 08/10/2015 | UNICAES | LI001185 | 658.3 MAR ind | 1034279 | 08/10/2015 | 08/10/2015 | 1- Monografias | |
| NULL | NULL | Dewey Decimal Classification | NULL | Prestable | NULL | NULL | Biblioteca Centro Regional de Ilobasco | Biblioteca Centro Regional de Ilobasco | Sala Principal | 08/10/2015 | UNICAES | LI003742 | 658.3 MAR ind | 1043156 | 16/01/2018 | 16/01/2018 | 1- Monografias |